| 000 | 00397pab a2200157 454500 | ||
|---|---|---|---|
| 008 | 180718b2010 xxu||||| |||| 00| 0 eng d | ||
| 100 | _aStahler-Sholk, Richard | ||
| 245 | _aThe Zapatista social movement: Innovation and sustainability | ||
| 260 | _c2010 | ||
| 300 | _ap.269-289. | ||
| 362 | _aJul-Sep | ||
| 650 | _aSocial movements | ||
| 773 | _aAlternatives | ||
| 908 | _aN | ||
| 909 | _a90668 | ||
| 999 |
_c90668 _d90668 |
||